Việt Nam : Tinh hoa đạo đức
Shranjeno v:
| Glavni avtor: | |
|---|---|
| Format: | Knjiga |
| Jezik: | Vietnamese |
| Oznake: |
Označite
Brez oznak, prvi označite!
|
| Thư viện lưu trữ: | Mạng thư viện Đại học Đà Nẵng |
|---|
| LEADER | 00591nam a2200241 4500 | ||
|---|---|---|---|
| 001 | 000022096 | ||
| 003 | 18544 | ||
| 005 | 20150424140457.0 | ||
| 008 | 150424s viesd | ||
| 020 | |c 32000 | ||
| 041 | 0 | |a vie | |
| 082 | 1 | 4 | |a 895,920804 |b BU-S |
| 100 | 1 | |a Bùi Ngọc Sơn | |
| 245 | 1 | 0 | |a Việt Nam : Tinh hoa đạo đức |c Bùi Ngọc Sơn |
| 300 | |a tr. |c cm. | ||
| OWN | |a LSP | ||
| 999 | |a From the UDN01 | ||
| TYP | |a Monograph | ||
| TYP | |a Printed language | ||
| 980 | |a Mạng thư viện Đại học Đà Nẵng | ||